000 00279 a2200121 4500
001 146453
040 _cEscola São Tomás de Aquino
100 _aSANDRONI, Luciana
240 1 0 _aJoaquim e Maria
_lpor
245 1 0 _aJoaquim e Maria
697 _a*LITERATURA JUVENIL
942 _cBK
999 _c146453
_d146453